000
00322nam a22001337a 4500
008
170807b xxu||||| |||| 00| 0 eng d
020
_a
9780201526493
041
_a
eng
080
_a
004
100
_a
33
101
_a
SHK
245
_a
PROBLEM SOLVING, ABSTRACTION, AND DESIGN USING C++
_c
FRIEDMAN,F.L
942
_2
udc
_c
BK
999
_c
22774
_d
22774